History Quiz

Random History Quiz

Today in History: January 15 Quiz Stats

 Plays Quiz not verified by Sporcle

Support Sporcle.
Go Orange.
Score 0/7 Timer 02:00
0 Plays Today
Hint Answer % Correct
This online encyclopedia is launchedWikipedia
98.6%
Born: This civil rights leader, famous for his 'I Have a Dream Speech'Martin Luther King Jr.
97.3%
This geometric defense building in Arlington, Virginia is completedPentagon
95.9%
Captain Chelsey B. Suttenberger miraculously lands a passenger plane on this New York riverHudson River
93.2%
Thomas Nast first uses this animal as a symbol of the Democratic Party in a political cartoonDonkey
85.1%
This attraction, which currently houses the Rosetta Stone and Elgin Marbles, opens to the publicBritish Museum
73%
Died: This photographer, known for his wartime pictures during the American Civil WarMatthew Brady
40.5%

You're not logged in!

Compare scores with friends on all Sporcle quizzes.
OR
Log In

From the Vault

States Ending with 'S'

by HughCHEvans

All good states must come to an end.
Remove Ads.
Support Sporcle.
Get the best of Sporcle when you Go Orange. This ad-free experience offers more features, more stats, and more fun while also helping to support Sporcle. Thank you for becoming a member.

Show Comments

Extras

Top Quizzes Today


Score Distribution

Your Account Isn't Verified!

In order to create a playlist on Sporcle, you need to verify the email address you used during registration. Go to your Sporcle Settings to finish the process.

Report this User

Report this user for behavior that violates our Community Guidelines.

Details: